000 01162naa a22002777a 4500
001 BR8704057
003 BR-BrBNA
005 20240918175820.0
007 ta
008 230509b bl.||||| |||| 00| 0 por d
040 _aBR-BrBNA
_bpor
_cBiblioteca Nacional de Agricultura
041 _a(Pt)
072 _aF06; F01
_b0180
090 _aF06 BR8704057
100 1 _aSilva, A.R. da
111 1 _a7. Reuniao Anual da Comissao Norte Brasileira de Pesquisa de Trigo
_cPonta Grossa, PR (Brazil)
_d12-16 Jan 1981
245 1 _aA irrigacao do trigo por aspersao, na regiao dos cerrados durante a estacao seca - maio a setembro
260 3 _aBrasilia, DF (Brasil):
_c1981.
500 _aTrabalhos com trigo, cevada e triticale no Centro de Pesquisa Agropecuaria dos Cerrados em 1980, v. 2 Brasilia, DF (Brasil): 1981. p. 1-21 (BR8704057-AM)F06
650 _aTRIGO
650 _aIRRIGACAO POR ASPERSAO
650 _aCERRADO
773 0 _tTrabalhos com trigo, cevada e triticale no Centro de Pesquisa Agropecuaria dos Cerrados em 1980, v. 2
_wF06 BR8704057
_gBrasilia, DF (Brasil), 1981. p. 1-21
909 _a202404
_bLucia
_c55
_dLucia Elande
942 _cAM
_2AGRIS
999 _c318255
_d318255